Ч. 2; Теоретическое и практическое руководство по общей химии

Detaylı Bibliyografya
Parent link:Теоретическое и практическое руководство по общей химии/ В. Д. Пономарев [и др.]; Московский инженерно-физический институт (МИФИ). Ч. 2.— , 1968
Dil:Rusça
Baskı/Yayın Bilgisi: 1968
Konular:
Materyal Türü: Kitap
KOHA link:https://koha.lib.tpu.ru/cgi-bin/koha/opac-detail.pl?biblionumber=264386

MARC

LEADER 00000nam0a2200000 4500
001 264386
005 20231101233828.0
035 |a (RuTPU)RU\TPU\book\287377 
090 |a 264386 
100 |a 20140618d1968 m y0rusy50 ca 
101 0 |a rus 
102 |a RU 
105 |a y j 000zy 
200 0 |a Ч. 2 
210 |d 1968 
215 |a 83 с. 
461 |t Теоретическое и практическое руководство по общей химии  |f В. Д. Пономарев [и др.]  |g Московский инженерно-физический институт (МИФИ)  |v Ч. 2  |d 1968 
606 1 |a Химия общая  |2 stltpush  |3 (RuTPU)RU\TPU\subj\67862  |9 83510 
610 1 |a учебные пособия 
610 1 |a руководства 
610 1 |a лабораторные работы 
675 |a 54(076.5)  |v 3 
801 1 |a RU  |b 63413507  |c 20140618 
801 2 |a RU  |b 63413507  |c 20140624  |g RCR 
942 |c BK